000 00384nam a2200157Ia 4500
008 230917s9999||||xx |||||||||||||| ||und||
020 _cRS1295
040 _e33377
_aMAIN
041 _aEnglish
082 _a150 E72P
100 _aEysenck, Michael W
245 0 _aPsychology: A students handbook
260 _aUK
_bPsychology Press
_c2000
300 _axiii, 979 p.
942 _cBK
999 _c106974
_d106974